| 000 | 00988nam0a22002291 4500 | ||
|---|---|---|---|
| 001 | rc\625659 | ||
| 005 | 20260406125244.0 | ||
| 035 | _a(NLR Aleph) 005868270 | ||
| 090 |
_a5951454 _c5951454 |
||
| 100 | _a20031121d1986 |||y0rusy50 ca | ||
| 101 | 0 | _arus | |
| 102 | _aRU | ||
| 105 | _ay ||||||||| | ||
| 200 | 1 |
_aИнтенсивные технологии возделывания яровой пшеницы в Красноярском крае _eРекомендации _fВАСХНИЛ, Сиб. отд-ние, Краснояр. краев. агропром. ком., Науч.-произв. об-ние "Енисей", Краснояр. с.-х. ин-т |
|
| 210 |
_aНовосибирск _cСОВАСХНИЛ _d1986 |
||
| 215 |
_a36 с. _d20 |
||
| 712 | 0 | 2 |
_aКрасноярский сельскохозяйственный институт _3RU\NLR\AUTH\8818448 _9310101 |
| 801 | 0 |
_aRU _bNLR _gpsbo |
|
| 801 | 1 |
_aRU _bELAR _2rusmarc |
|
| 852 |
_aNLR _j87-4/10669 |
||
| 942 | _cBOOK | ||
| 980 | _aNB | ||